书目信息 |
| 题名: |
中国文学家辞典
|
|
| 作者: | ;北京语言学院《中国文学家辞典》编委会 编 | |
| 分册: | 现代第一分册 | |
| 出版信息: | 北京 北京语言学院 1979 |
|
| 页数: | 540页 | |
| 开本: | 19cm | |
| 丛书名: | ||
| 单 册: | ||
| 中图分类: | K82-61 | |
| 科图分类: | ||
| 主题词: | 人物--传记--中国 | |
| 电子资源: | ||
| ISBN: | ||
| 000 | 00703nam0 2200217 45 | |
| 001 | 0179007045 | |
| 005 | 20060421085950.28 | |
| 010 | @dCNY1.70 | |
| 100 | @a19950725d1979 em y0chiy0121 ea | |
| 101 | 0 | @achi |
| 102 | @aCN | |
| 102 | @aCN@b110000 | |
| 105 | @ay z 000yy | |
| 200 | 10 | @a中国文学家辞典@Azhong guo wen xue jia ci dian@h现代第一分册@f北京语言学院《中国文学家辞典》编委会编@FBei Jing Yu Yan Xue Yuan《Zhong Guo Wen Xue Jia Ci Dian》Bian Wei Hui Bian |
| 210 | @a北京@c北京语言学院@d1979 | |
| 215 | @a540页@d19cm | |
| 606 | 0 | @a人物@x传记@x中国 |
| 690 | @aK82-61 | |
| 711 | 02 | @a北京语言学院《中国文学家辞典》编委会@4编 |
| 801 | 0 | @aCN@bNLC@c20060421 |
| 905 | @f2@b87663-664@dK82-61@e11:1 | |
| 中国文学家辞典.现代第一分册/北京语言学院《中国文学家辞典》编委会编.-北京:北京语言学院,1979 |
| 540页;19cm |
| ISBN :CNY1.70 |
| ● |
| 相关链接 |
|
|
|
|
正题名:中国文学家辞典
索取号:K82-61/11:1
 
预约/预借
| 序号 | 登录号 | 条形码 | 馆藏地/架位号 | 状态 | 备注 |
| 1 | 0087663 | 001414268 | 密集书库/ [索取号:K82-61/11:1] | 在馆 | |
| 2 | 0087664 | 001414295 | 密集书库/ [索取号:K82-61/11:1] | 在馆 | |
| 3 | 0227691 | 202206077 | 密集书库/ [索取号:K82-61/11:1] | 在馆 | |
| 4 | 0227692 | 202206031 | 密集书库/ [索取号:K82-61/11:1] | 在馆 |